Factors influencing leaf nutrient levels in rubber (Record no. 59252)

MARC details
000 -LEADER
fixed length control field 00462nam a2200157Ia 4500
100 ## - MAIN ENTRY--AUTHOR NAME
Personal name Pushparajah E
245 #0 - TITLE STATEMENT
Title Factors influencing leaf nutrient levels in rubber
260 ## - PUBLICATION, DISTRIBUTION, ETC. (IMPRINT)
Name of publisher Proceedings of the RRIM Planters Conference, Kuala Lumpur, 1972; p140-153
650 ## - SUBJECT ADDED ENTRY--TOPICAL TERM
Topical Term Fertiliser application
650 ## - SUBJECT ADDED ENTRY--TOPICAL TERM
Topical Term Leaf nutrient level
650 ## - SUBJECT ADDED ENTRY--TOPICAL TERM
Topical Term Rubber
650 ## - SUBJECT ADDED ENTRY--TOPICAL TERM
Topical Term Sampling
700 ## - ADDED ENTRY--PERSONAL NAME
Personal name Teng T K
942 ## - ADDED ENTRY ELEMENTS (KOHA)
Koha item type Journals
Holdings
Withdrawn status Lost status Damaged status Not for loan Home library Current library Shelving location Date acquired Koha item type
      Journals RRII Library RRII Library Soils and agonomy 17/12/2021 Journals